[Event "Oberliga Ost-A 1011"]
[Site "Germany"]
[Date "2011.04.09"]
[Round "10.7"]
[White "Benne, Horst"]
[Black "Merker, Matthias"]
[Result "0-1"]
[WhiteElo "2116"]
[BlackElo "2121"]
[PlyCount "124"]
[EventDate "2010.10.24"]
[EventType "team-tourn"]
[EventRounds "11"]
[EventCountry "GER"]
[SourceTitle "EXT 2012"]
[Source "ChessBase"]
[SourceDate "2011.11.24"]
[SourceVersion "1"]
[SourceVersionDate "2011.11.24"]
[SourceQuality "1"]
[WhiteTeam "Halle USV II"]
[BlackTeam "Coswig"]
[WhiteTeamCountry "GER"]
[BlackTeamCountry "GER"]

1. d4 Nf6 2. c3 d5 3. Bf4 g6 4. e3 Bg7 5. Bd3 0-0 6. Nd2 Nbd7 7. h3 c5 8. Ngf3 b6 9. 0-0 Bb7 10. Qe2 Ne4 11. Ba6 Bxa6 12. Qxa6 Nxd2 13. Nxd2 Qc8 14. Qxc8 Raxc8 15. Nf3 e6 16. Rad1 cxd4 17. exd4 Rc4 18. a3 Rfc8 19. Nd2 Ra4 20. Bd6 Bf8 21. Bxf8 Kxf8 22. f4 h5 23. g4 hxg4 24. hxg4 Ke7 25. Kg2 b5 26. Rde1 Ra6 27. Rh1 Rac6 28. f5 gxf5 29. gxf5 Rg8+ 30. Kf3 Nf6 31. fxe6 Rxe6 32. Rxe6+ Kxe6 33. Nb3 Ne4 34. Nc5+ Kf5 35. Rh5+ Ng5+ 36. Ke2 Kg4 37. Rh1 Re8+ 38. Kd3 Kf4 39. Nd7 Re3+ 40. Kc2 Re2+ 41. Kc1 Ne4 42. Rf1+ Nf2 43. Nf6 Kf3 44. Rg1 Nd3+ 45. Kb1 Rxb2+ 46. Ka1 Rb3 47. Nxd5 Rxa3+ 48. Kb1 f5 49. Kc2 Ke2 50. Rg2+ Nf2 51. Rg5 Nd3 52. Rxf5 Ra2+ 53. Kb1 Rb2+ 54. Ka1 Rc2 55. Rh5 a5 56. Rh2+ Nf2 57. Kb1 Kd3 58. Rg2 Rd2 59. Rg3+ Kc4 60. Rg5 Ne4 61. Nb6+ Kd3 62. Rh5 Nxc3+ 0-1

[Event "Oberliga Ost-A 0809"]
[Site "Germany"]
[Date "2009.03.29"]
[Round "11.8"]
[White "Merker, Matthias"]
[Black "Kuna, Ralf Michael"]
[Result "1-0"]
[WhiteElo "2112"]
[BlackElo "2116"]
[PlyCount "101"]
[EventDate "2008.10.12"]
[EventType "team-tourn"]
[EventRounds "11"]
[EventCountry "GER"]
[SourceTitle "EXT 2010"]
[Source "ChessBase"]
[SourceDate "2010.11.25"]
[SourceVersion "1"]
[SourceVersionDate "2010.11.25"]
[SourceQuality "1"]
[WhiteTeam "Coswig"]
[BlackTeam "Magdeburg Rochade"]
[WhiteTeamCountry "GER"]
[BlackTeamCountry "GER"]

1. d4 Nf6 2. c4 e6 3. Nc3 Bb4 4. Qc2 d6 5. Nf3 0-0 6. a3 Bxc3+ 7. Qxc3 b6 8. g3 Bb7 9. Bg2 Nbd7 10. 0-0 c5 11. Rd1 Qe7 12. b4 Rfd8 13. Bb2 Rac8 14. e3 Be4 15. Rac1 Ne8 16. Nd2 Bxg2 17. Kxg2 f5 18. Qd3 g6 19. Nf3 Ndf6 20. d5 e5 21. Nd2 e4 22. Qc3 Kf7 23. Re1 Ng4 24. f4 exf3+ 25. Kxf3 Nxh2+ 26. Kg2 Ng4 27. e4 Qf6 28. exf5 Qxc3 29. fxg6+ Kxg6 30. Bxc3 Nef6 31. Re6 Re8 32. Rce1 Rxe6 33. Rxe6 Re8 34. Rxd6 Kf5 35. Bxf6 Nxf6 36. Kf3 Re1 37. bxc5 bxc5 38. Rc6 Ra1 39. Ra6 Ra2 40. Ke3 Ng4+ 41. Ke2 Ne5 42. Kd1 Nd3 43. Rxa7 Nb2+ 44. Kc2 Nxc4+ 45. Kb3 Rxd2 46. Kxc4 Rc2+ 47. Kb5 c4 48. Rxh7 Ke5 49. Kc5 c3 50. Re7+ Kf6 51. Re3 1-0

[Event "Oberliga Ost-A 0809"]
[Site "Germany"]
[Date "2008.11.29"]
[Round "2.8"]
[White "Merker, Matthias"]
[Black "Selig, Rainer"]
[Result "1/2-1/2"]
[WhiteElo "2112"]
[BlackElo "2048"]
[PlyCount "182"]
[EventDate "2008.10.12"]
[EventType "team-tourn"]
[EventRounds "11"]
[EventCountry "GER"]
[SourceTitle "EXT 2010"]
[Source "ChessBase"]
[SourceDate "2010.11.25"]
[SourceVersion "1"]
[SourceVersionDate "2010.11.25"]
[SourceQuality "1"]
[WhiteTeam "Coswig"]
[BlackTeam "Ebersbach"]
[WhiteTeamCountry "GER"]
[BlackTeamCountry "GER"]

1. d4 d5 2. c4 c6 3. Nc3 Nf6 4. Nf3 e6 5. b3 Nbd7 6. g3 Bd6 7. Bg2 0-0 8. 0-0 b6 9. Bb2 Bb7 10. Rc1 Qe7 11. e3 Rac8 12. Qe2 Ba6 13. e4 Ba3 14. e5 Ne8 15. Bxa3 Qxa3 16. Nb1 Qb4 17. Qd2 Qxd2 18. Nbxd2 c5 19. Rfd1 dxc4 20. Nxc4 f6 21. dxc5 Nxc5 22. Nd4 Kf7 23. Nc6 Rc7 24. b4 Bxc4 25. Rxc4 Nd7 26. Nd8+ Ke7 27. Nc6+ Kf7 28. Nd8+ Ke7 29. Rxc7 Nxc7 30. Nc6+ Ke8 31. Nxa7 Nxe5 32. Nc6 Nd7 33. a4 Na6 34. Bf1 Nc7 35. a5 bxa5 36. bxa5 Nc5 37. Rd8+ Kf7 38. Rxf8+ Kxf8 39. Nb4 Ke7 40. a6 Na4 41. a7 Nb6 42. Bg2 Kd6 43. f4 Kc5 44. Nc6 Nbd5 45. Nd8 Kd6 46. Be4 g6 47. h4 Kd7 48. Nb7 Kc6 49. Nd8+ Kd7 50. Nf7 Ke7 51. Bxd5 exd5 52. Nh6 f5 53. Kf2 Kf6 54. g4 fxg4 55. Nxg4+ Kf5 56. Kf3 Ke6 57. Ne5 Kf6 58. Nd7+ Kf5 59. Nb6 d4 60. Nd5 Na8 61. Ne7+ Ke6 62. Ng8 Kf5 63. Nh6+ Ke6 64. Ke4 Nc7 65. Ng4 d3 66. Ne3 d2 67. Kf3 Kd7 68. Ke2 Kc6 69. Kxd2 Kb7 70. Kd3 Kxa7 71. Kd4 Kb7 72. Ke5 Kc6 73. Ng4 Kd7 74. Nf6+ Ke7 75. Nxh7 Ne8 76. Ng5 Nd6 77. Ne4 Nf7+ 78. Kd5 Nh6 79. Nd6 Kf6 80. Ke4 Ke6 81. Nb5 Nf5 82. Kf3 Nxh4+ 83. Kg4 Nf5 84. Kg5 Kf7 85. Na3 Nd4 86. Nc4 Ne6+ 87. Kg4 Kf6 88. Ne5 Kg7 89. Nxg6 Kxg6 90. f5+ Kf6 91. fxe6 Kxe6 1/2-1/2

[Event "Oberliga Ost-A 0809"]
[Site "Germany"]
[Date "2008.10.12"]
[Round "1.8"]
[White "Schaefer, Reyk"]
[Black "Merker, Matthias"]
[Result "1/2-1/2"]
[WhiteElo "2164"]
[BlackElo "2112"]
[PlyCount "64"]
[EventDate "2008.10.12"]
[EventType "team-tourn"]
[EventRounds "11"]
[EventCountry "GER"]
[SourceTitle "EXT 2010"]
[Source "ChessBase"]
[SourceDate "2010.11.25"]
[SourceVersion "1"]
[SourceVersionDate "2010.11.25"]
[SourceQuality "1"]
[WhiteTeam "Loeberitz"]
[BlackTeam "Coswig"]
[WhiteTeamCountry "GER"]
[BlackTeamCountry "GER"]

1. Nf3 Nf6 2. d4 g6 3. g3 Bg7 4. Bg2 0-0 5. 0-0 c5 6. c3 d6 7. Re1 Nc6 8. e4 e5 9. dxc5 dxc5 10. Qc2 Be6 11. Be3 b6 12. Na3 a6 13. h3 Qc7 14. Bf1 h6 15. Qc1 Kh7 16. Nd2 Nd7 17. Nb3 f5 18. exf5 gxf5 19. Qc2 Kh8 20. Rad1 f4 21. Bc1 fxg3 22. fxg3 Rf3 23. Qg6 Bf5 24. Qd6 Rxg3+ 25. Kh2 Qxd6 26. Rxd6 Rg6 27. Red1 Ra7 28. Nc4 e4 29. Bf4 Nce5 30. Rxg6 Bxg6 31. Rd6 Rb7 32. Kh1 Kh7 1/2-1/2

[Event "Oberliga Ost-A 0708"]
[Site "Germany"]
[Date "2008.04.06"]
[Round "9.6"]
[White "Kyas, Juergen"]
[Black "Merker, Matthias"]
[Result "1-0"]
[WhiteElo "2227"]
[BlackElo "2128"]
[PlyCount "45"]
[EventDate "2007.09.23"]
[EventType "team-tourn"]
[EventRounds "11"]
[EventCountry "GER"]
[SourceTitle "EXT 2009"]
[Source "ChessBase"]
[SourceDate "2008.11.26"]
[SourceVersion "1"]
[SourceVersionDate "2008.11.26"]
[SourceQuality "1"]
[WhiteTeam "Chemnitz"]
[BlackTeam "Coswig"]
[WhiteTeamCountry "GER"]
[BlackTeamCountry "GER"]

1. e4 c6 2. d4 d5 3. Nc3 dxe4 4. Nxe4 Nd7 5. Bc4 Ngf6 6. Nxf6+ Nxf6 7. Nf3 e6 8. 0-0 c5 9. Bg5 cxd4 10. Qe2 Be7 11. Rad1 0-0 12. Rxd4 Qa5 13. Rfd1 a6 14. Ne5 Rd8 15. Rxd8+ Bxd8 16. Ng4 Be7 17. Nxf6+ Bxf6 18. Bxf6 gxf6 19. Rd3 Kh8 20. Rg3 f5 21. Qh5 Qe1+ 22. Bf1 f4 23. Qxf7 1-0

[Event "Oberliga Ost-A 0708"]
[Site "Germany"]
[Date "2008.01.19"]
[Round "6.5"]
[White "Jaeger, Dominik"]
[Black "Merker, Matthias"]
[Result "1-0"]
[WhiteElo "2057"]
[BlackElo "2128"]
[PlyCount "113"]
[EventDate "2007.09.23"]
[EventType "team-tourn"]
[EventRounds "11"]
[EventCountry "GER"]
[SourceTitle "EXT 2009"]
[Source "ChessBase"]
[SourceDate "2008.11.26"]
[SourceVersion "1"]
[SourceVersionDate "2008.11.26"]
[SourceQuality "1"]
[WhiteTeam "Magdeburg Rochade"]
[BlackTeam "Coswig"]
[WhiteTeamCountry "GER"]
[BlackTeamCountry "GER"]

1. d4 Nf6 2. c4 c5 3. d5 Ne4 4. Qc2 Qa5+ 5. Nd2 Nd6 6. e4 g6 7. f4 Bg7 8. Ngf3 0-0 9. Be2 f5 10. e5 Nf7 11. 0-0 e6 12. Nb3 Qa4 13. Ne1 Na6 14. d6 b6 15. Bf3 Rb8 16. Nd2 Qxc2 17. Nxc2 g5 18. g3 gxf4 19. gxf4 Bb7 20. Kf2 Bh6 21. Nb3 Nh8 22. Be3 Ng6 23. Bxb7 Rxb7 24. Kf3 Kf7 25. Rac1 Rg8 26. Rg1 Nb8 27. Rg3 Nc6 28. Rh3 Ngxe5+ 29. fxe5 Nxe5+ 30. Ke2 Rg2+ 31. Kf1 Bxe3 32. Rxe3 Rxh2 33. Rxe5 Rb8 34. Re2 Rh3 35. Ne1 Rg8 36. Rg2 Rh1+ 37. Kf2 Rg4 38. Nf3 Rxc1 39. Nxc1 Kf6 40. Rxg4 fxg4 41. Nh2 h5 42. Nd3 e5 43. Kg3 Ke6 44. Nxg4 hxg4 45. Kxg4 e4 46. Ne1 Ke5 47. Nc2 a6 48. a4 Kxd6 49. Kf4 Kc6 50. Kxe4 b5 51. axb5+ axb5 52. b3 bxc4 53. bxc4 Kd6 54. Ne1 Ke6 55. Nf3 Kd6 56. Ng5 Kc6 57. Ke5 1-0

[Event "Oberliga Ost-A 0708"]
[Site "Germany"]
[Date "2007.12.09"]
[Round "5.7"]
[White "Merker, Matthias"]
[Black "Meissner, Felix"]
[Result "1/2-1/2"]
[WhiteElo "2128"]
[BlackElo "2047"]
[PlyCount "96"]
[EventDate "2007.09.23"]
[EventType "team-tourn"]
[EventRounds "11"]
[EventCountry "GER"]
[SourceTitle "EXT 2009"]
[Source "ChessBase"]
[SourceDate "2008.11.26"]
[SourceVersion "1"]
[SourceVersionDate "2008.11.26"]
[SourceQuality "1"]
[WhiteTeam "Coswig"]
[BlackTeam "Leipzig Gohlis II"]
[WhiteTeamCountry "GER"]
[BlackTeamCountry "GER"]

1. d4 Nf6 2. c4 g6 3. Nc3 Bg7 4. e4 d6 5. f4 0-0 6. Nf3 c5 7. d5 e6 8. Be2 exd5 9. cxd5 Re8 10. Nd2 Na6 11. 0-0 Rb8 12. Re1 Bd7 13. a4 Nb4 14. h3 a6 15. a5 Qc7 16. Bc4 Re7 17. Nf3 b5 18. axb6 Qxb6 19. e5 Ne8 20. e6 fxe6 21. dxe6 Bb5 22. Bxb5 axb5 23. f5 gxf5 24. Nd5 Nxd5 25. Qxd5 Nc7 26. Qxf5 Rbe8 27. Ng5 Be5 28. Bd2 Nxe6 29. Nxe6 Rxe6 30. Ra8 Bd4+ 31. Kh2 Rxe1 32. Qd5+ Kh8 33. Bxe1 Rxa8 34. Qxa8+ Kg7 35. Qe8 Be5+ 36. Kh1 Qb7 37. Bc3 Bxc3 38. bxc3 b4 39. cxb4 cxb4 40. Qe6 b3 41. Qxd6 b2 42. Qe5+ Kf7 43. Qf5+ Ke8 44. Qe6+ Kf8 45. Qf6+ Kg8 46. Qe6+ Kg7 47. Qe5+ Kg6 48. Qe6+ Kg5 1/2-1/2

[Event "Oberliga Ost-A 0708"]
[Site "Germany"]
[Date "2007.10.07"]
[Round "1.7"]
[White "Merker, Matthias"]
[Black "Bores, Roman"]
[Result "1/2-1/2"]
[WhiteElo "2128"]
[BlackElo "2196"]
[PlyCount "50"]
[EventDate "2007.09.23"]
[EventType "team-tourn"]
[EventRounds "11"]
[EventCountry "GER"]
[SourceTitle "EXT 2009"]
[Source "ChessBase"]
[SourceDate "2008.11.26"]
[SourceVersion "1"]
[SourceVersionDate "2008.11.26"]
[SourceQuality "1"]
[WhiteTeam "Coswig"]
[BlackTeam "Ebersbach"]
[WhiteTeamCountry "GER"]
[BlackTeamCountry "GER"]

1. d4 Nf6 2. c4 e6 3. Nc3 Bb4 4. Qc2 0-0 5. Bg5 c5 6. dxc5 Na6 7. a3 Bxc3+ 8. Qxc3 Nxc5 9. Bxf6 Qxf6 10. Qxf6 gxf6 11. Nf3 a5 12. Nd4 b6 13. Nb5 Ba6 14. Nd6 Nb7 15. Nxb7 Bxb7 16. e3 d5 17. cxd5 Bxd5 18. Bd3 Rfd8 19. Ke2 Rd6 20. Rac1 f5 21. Rc3 Rad8 22. Rhc1 Kg7 23. f3 Kf6 24. R1c2 Ke5 25. Bb5 Kf6 1/2-1/2

[Event "Oberliga Ost-A 0607"]
[Site "Germany"]
[Date "2006.11.19"]
[Round "3.6"]
[White "Merker, Matthias"]
[Black "Haertig, Jens"]
[Result "0-1"]
[WhiteElo "2123"]
[BlackElo "2151"]
[PlyCount "100"]
[EventDate "2006.10.15"]
[EventType "team-tourn"]
[EventRounds "11"]
[EventCountry "GER"]
[SourceTitle "EXT 2008"]
[Source "ChessBase"]
[SourceDate "2007.11.25"]
[SourceVersion "1"]
[SourceVersionDate "2007.11.25"]
[SourceQuality "1"]
[WhiteTeam "Coswig"]
[BlackTeam "Naumburg"]
[WhiteTeamCountry "GER"]
[BlackTeamCountry "GER"]

1. d4 Nf6 2. c4 g6 3. Nc3 Bg7 4. e4 d6 5. f4 0-0 6. Nf3 c5 7. d5 e6 8. Be2 exd5 9. cxd5 Re8 10. Nd2 Na6 11. 0-0 Nc7 12. a4 Rb8 13. Bf3 b6 14. Re1 Ba6 15. Ndb1 Bb7 16. Na3 a6 17. Be3 Ba8 18. Nc4 b5 19. axb5 Nxb5 20. Bf2 Bb7 21. Bh4 Qd7 22. Nxb5 axb5 23. e5 bxc4 24. exf6 Bf8 25. Qc2 Qb5 26. Rxe8 Rxe8 27. Re1 Rxe1+ 28. Bxe1 Qe8 29. Bd2 Qb5 30. Bc3 Bc8 31. g4 Qe8 32. Qe2 Qb5 33. g5 Bf5 34. h4 Bd3 35. Qe1 Qd7 36. Kh2 Qf5 37. Kg3 Bc2 38. Qe3 Bd3 39. Ba5 Bf1 40. Bg4 Qxd5 41. Bf3 Qe6 42. Qe4 Qh3+ 43. Kf2 Bd3 44. Qe8 Qxh4+ 45. Kg2 Bf5 46. Qe3 Bh3+ 47. Kh2 Be6+ 48. Kg2 d5 49. Bd8 Bd6 50. Bxd5 Bxd5+ 0-1

[Event "Oberliga Ost-A 0506"]
[Site "Germany"]
[Date "2006.03.12"]
[Round "9.5"]
[White "Seibicke, Ralf"]
[Black "Merker, Matthias"]
[Result "1-0"]
[WhiteElo "2183"]
[BlackElo "2152"]
[PlyCount "77"]
[EventDate "2005.11.13"]
[EventType "team-tourn"]
[EventRounds "11"]
[EventCountry "GER"]
[SourceTitle "EXT 2007"]
[Source "ChessBase"]
[SourceDate "2006.11.23"]
[SourceVersion "1"]
[SourceVersionDate "2006.11.23"]
[SourceQuality "1"]
[WhiteTeam "Magdeburg Rochade"]
[BlackTeam "Coswig"]
[WhiteTeamCountry "GER"]
[BlackTeamCountry "GER"]

1. Nf3 Nf6 2. g3 d5 3. Bg2 c6 4. 0-0 g6 5. d3 Bg7 6. Nbd2 0-0 7. e4 Bg4 8. h3 Bxf3 9. Bxf3 Nbd7 10. Bg2 Qc7 11. f4 dxe4 12. dxe4 Rad8 13. Qe2 Nc5 14. Nb3 Nxb3 15. axb3 b6 16. b4 c5 17. bxc5 Qxc5+ 18. Be3 Qc7 19. c3 Rd7 20. e5 Nd5 21. Bd4 e6 22. Ra4 Rc8 23. Rfa1 Qb8 24. Bxd5 exd5 25. e6 Bxd4+ 26. Rxd4 Re8 27. exf7+ Kxf7 28. Qf3 Qd6 29. Rad1 Qc5 30. Kg2 Kg7 31. Rxd5 Rxd5 32. Rxd5 Qc6 33. Re5 Qxf3+ 34. Kxf3 Rd8 35. Re7+ Kh6 36. g4 Rd3+ 37. Ke4 Rxh3 38. g5+ Kh5 39. Rxh7+ 1-0

[Event "Oberliga Ost-A 0506"]
[Site "Germany"]
[Date "2006.01.29"]
[Round "7.5"]
[White "Spreng, Simon"]
[Black "Merker, Matthias"]
[Result "1-0"]
[WhiteElo "2266"]
[BlackElo "2152"]
[PlyCount "125"]
[EventDate "2005.11.13"]
[EventType "team-tourn"]
[EventRounds "11"]
[EventCountry "GER"]
[SourceTitle "EXT 2007"]
[Source "ChessBase"]
[SourceDate "2006.11.23"]
[SourceVersion "1"]
[SourceVersionDate "2006.11.23"]
[SourceQuality "1"]
[WhiteTeam "Loeberitz"]
[BlackTeam "Coswig"]
[WhiteTeamCountry "GER"]
[BlackTeamCountry "GER"]

1. c4 Nf6 2. g3 e6 3. Bg2 d5 4. Nf3 Be7 5. 0-0 0-0 6. d4 Nbd7 7. Qc2 c6 8. Rd1 Qc7 9. Nc3 a6 10. e4 dxe4 11. Nxe4 Nxe4 12. Qxe4 Rd8 13. Qe2 Nf6 14. Bf4 Bd6 15. Bg5 Be7 16. c5 Nd5 17. Bxe7 Qxe7 18. Ne5 Bd7 19. Rac1 Be8 20. a3 Rac8 21. b4 Rc7 22. Nc4 Qf8 23. Qb2 Re7 24. a4 Rc7 25. Bf1 Re7 26. Nd6 f6 27. Re1 Rb8 28. a5 Bd7 29. Bh3 Nc7 30. Re2 Nb5 31. Nxb5 axb5 32. Rce1 Qe8 33. Qb3 Kf7 34. f4 g6 35. f5 gxf5 36. Bxf5 Rd8 37. Bxh7 Bc8 38. Qe3 Kg7 39. Bc2 e5 40. Qf2 Bg4 41. dxe5 Rxe5 42. Rxe5 fxe5 43. Qe3 Qh5 44. Qxe5+ Qxe5 45. Rxe5 Kf6 46. Re4 Be6 47. Rh4 Rd2 48. Be4 Ra2 49. Bf3 Bc4 50. Rh7 Bf7 51. g4 Bd5 52. Bxd5 cxd5 53. Rxb7 d4 54. Rd7 Ke5 55. g5 Ke4 56. g6 Ra1+ 57. Kf2 Ra2+ 58. Kg3 d3 59. g7 Ra1 60. Kg2 Ra2+ 61. Kh3 Ra3 62. g8Q d2+ 63. Kg4 1-0

[Event "Oberliga Ost-A 0506"]
[Site "Germany"]
[Date "2005.11.27"]
[Round "3.6"]
[White "Brauer, Christian E"]
[Black "Merker, Matthias"]
[Result "1/2-1/2"]
[WhiteElo "2144"]
[BlackElo "2152"]
[PlyCount "28"]
[EventDate "2005.11.13"]
[EventType "team-tourn"]
[EventRounds "11"]
[EventCountry "GER"]
[SourceTitle "EXT 2007"]
[Source "ChessBase"]
[SourceDate "2006.11.23"]
[SourceVersion "1"]
[SourceVersionDate "2006.11.23"]
[SourceQuality "1"]
[WhiteTeam "Ebersbach"]
[BlackTeam "Coswig"]
[WhiteTeamCountry "GER"]
[BlackTeamCountry "GER"]

1. Nf3 Nf6 2. c4 e6 3. g3 d5 4. b3 Be7 5. Bb2 0-0 6. Qc2 Nbd7 7. Bg2 c5 8. 0-0 b6 9. d3 Bb7 10. e3 Qc7 11. Nbd2 Rad8 12. Rac1 Qb8 13. Rfd1 Qa8 14. a3 Rc8 1/2-1/2

[Event "Oberliga Ost-A 0405"]
[Site "Germany"]
[Date "2004.12.12"]
[Round "5.6"]
[White "Wuensch, Ulrich"]
[Black "Merker, Matthias"]
[Result "0-1"]
[WhiteElo "2009"]
[BlackElo "2116"]
[PlyCount "120"]
[EventDate "2004.10.10"]
[EventType "team-tourn"]
[EventRounds "11"]
[EventCountry "GER"]
[SourceTitle "EXT 2006"]
[Source "ChessBase"]
[SourceDate "2005.11.24"]
[SourceVersion "1"]
[SourceVersionDate "2005.11.24"]
[SourceQuality "1"]
[WhiteTeam "Chemnitz II"]
[BlackTeam "Coswig"]
[WhiteTeamCountry "GER"]
[BlackTeamCountry "GER"]

1. d4 Nf6 2. Nf3 b6 3. e3 Bb7 4. Bd3 e6 5. Nbd2 d5 6. 0-0 Be7 7. b3 Nbd7 8. Bb2 0-0 9. c4 c5 10. Rc1 Rc8 11. Qe2 Rc7 12. Ne5 dxc4 13. Bxc4 Nxe5 14. dxe5 Ne4 15. Rfd1 Nxd2 16. Rxd2 Rd7 17. Rcd1 Rxd2 18. Rxd2 Qa8 19. f3 Rd8 20. Qd1 Rxd2 21. Qxd2 Qd8 22. Qxd8+ Bxd8 23. Kf2 a6 24. a4 Bd5 25. e4 Bxc4 26. bxc4 Kf8 27. f4 g6 28. g4 Ke8 29. Bc1 Bh4+ 30. Kf3 Kd7 31. f5 Kc6 32. Ke2 b5 33. axb5+ axb5 34. Kd3 Be1 35. Be3 Bb4 36. Bc1 Kb6 37. Bb2 Ka5 38. Bc1 Be1 39. Be3 Kb4 40. cxb5 Kxb5 41. Bg1 Kb4 42. Be3 c4+ 43. Kc2 Bc3 44. Bf4 Bd4 45. h3 Bf2 46. Bc1 c3 47. Bg5 Kc4 48. Bd8 Bg3 49. fxe6 fxe6 50. Bc7 Bf4 51. Bb8 Kd4 52. Ba7+ Kxe4 53. Kxc3 Bxe5+ 54. Kd2 Kf3 55. Kd3 Bf4 56. Bb6 e5 57. Bd8 e4+ 58. Kc2 e3 59. Bh4 Bg3 60. Bg5 e2 0-1

[Event "Oberliga Ost-A 0405"]
[Site "Germany"]
[Date "2004.10.10"]
[Round "1.6"]
[White "Merker, Matthias"]
[Black "Luther, Juergen"]
[Result "1-0"]
[WhiteElo "2116"]
[BlackElo "2219"]
[PlyCount "180"]
[EventDate "2004.10.10"]
[EventType "team-tourn"]
[EventRounds "11"]
[EventCountry "GER"]
[SourceTitle "EXT 2006"]
[Source "ChessBase"]
[SourceDate "2005.11.24"]
[SourceVersion "1"]
[SourceVersionDate "2005.11.24"]
[SourceQuality "1"]
[WhiteTeam "Coswig"]
[BlackTeam "Halle USV"]
[WhiteTeamCountry "GER"]
[BlackTeamCountry "GER"]

1. d4 e6 2. c4 f5 3. Nf3 Nf6 4. g3 d5 5. Bg2 c6 6. 0-0 Bd6 7. Bf4 0-0 8. Nbd2 Ne4 9. Bxd6 Qxd6 10. e3 Nxd2 11. Qxd2 Na6 12. c5 Qe7 13. b4 Nc7 14. Rfb1 a6 15. Rb2 Bd7 16. Rab1 Be8 17. a4 g5 18. Ne5 Qg7 19. f4 h6 20. Bf3 g4 21. Be2 h5 22. Qe1 Rf6 23. Bf1 Rh6 24. h4 gxh3 25. Rh2 Kf8 26. Rxh3 h4 27. Kh2 hxg3+ 28. Qxg3 Qxg3+ 29. Kxg3 Rxh3+ 30. Kxh3 Ke7 31. Be2 Bd7 32. Kg3 Rg8+ 33. Kf2 Be8 34. Rh1 Kf8 35. Nf3 Kg7 36. Nd2 Bd7 37. Nb3 Ne8 38. Na5 Bc8 39. b5 axb5 40. axb5 cxb5 41. Rg1+ Kf8 42. Rxg8+ Kxg8 43. Bxb5 Nf6 44. Ke2 Kf8 45. Kd2 Ke7 46. Kc3 Kd8 47. Nb3 Kc7 48. Nd2 Ng4 49. Kd3 Nf6 50. Nf3 Ng4 51. Kd2 Nf6 52. Ne5 Ne4+ 53. Kd3 Nf2+ 54. Ke2 Ne4 55. Kf3 Kd8 56. Bd3 Nf6 57. Nf7+ Kc7 58. Ne5 Kd8 59. Kg3 Ke7 60. Kh4 Ne8 61. Kg5 Nf6 62. Be2 Ne4+ 63. Kg6 Nf6 64. Bb5 Ne4 65. Bd3 Nf6 66. Bc2 Ne8 67. Bd1 Nf6 68. Ba4 Ne4 69. Kg7 Ng3 70. Ng6+ Kd8 71. Bb5 Bd7 72. Bxd7 Kxd7 73. Kf7 Nf1 74. Ne5+ Kc7 75. Kxe6 Nxe3 76. Nd3 Kc6 77. Nb4+ Kb5 78. Nxd5 Nc2 79. Ke5 Kc4 80. Nb6+ Kb5 81. Nd5 Kc4 82. Nb6+ Kb5 83. Nd7 Kc6 84. Nf8 Ne3 85. Ne6 b5 86. cxb6 Kxb6 87. Ng7 Kc7 88. Nxf5 Ng4+ 89. Ke6 Kd8 90. Nd6 Kc7 1-0

[Event "Oberliga Ost-A 0304"]
[Site "Germany"]
[Date "2004.03.07"]
[Round "8.7"]
[White "Goergens, Michael"]
[Black "Merker, Matthias"]
[Result "1/2-1/2"]
[WhiteElo "2119"]
[BlackElo "2107"]
[PlyCount "91"]
[EventDate "2003.11.02"]
[EventType "team-tourn"]
[EventRounds "11"]
[EventCountry "GER"]
[SourceTitle "EXT 2005"]
[Source "ChessBase"]
[SourceDate "2004.11.15"]
[SourceVersion "1"]
[SourceVersionDate "2004.11.15"]
[SourceQuality "1"]
[WhiteTeam "Magdeburg Aufbau Elbe"]
[BlackTeam "Coswig"]
[WhiteTeamCountry "GER"]
[BlackTeamCountry "GER"]

1. e4 d5 2. exd5 Nf6 3. Bb5+ Bd7 4. Bc4 Bg4 5. f3 Bc8 6. Nc3 Nbd7 7. d3 Nb6 8. Bf4 Nfxd5 9. Nxd5 Nxd5 10. Bxd5 Qxd5 11. Bxc7 e5 12. Qd2 b6 13. f4 Bb7 14. Nf3 e4 15. dxe4 Qxd2+ 16. Nxd2 f6 17. f5 Rc8 18. Bf4 Rxc2 19. Rb1 Bb4 20. Kd1 Bxd2 21. Bxd2 Rc4 22. Rc1 Rxc1+ 23. Kxc1 Kf7 24. e5 fxe5 25. Rg1 h5 26. Bc3 Kf6 27. g4 hxg4 28. Rxg4 Rh7 29. h4 Bf3 30. Rg6+ Kxf5 31. Rg5+ Ke4 32. Rxe5+ Kd3 33. Re7 Rxh4 34. Rd7+ Kc4 35. Rxg7 a5 36. Kd2 a4 37. Rc7+ Kb5 38. Ke3 Bd5 39. a3 Rc4 40. Rg7 Re4+ 41. Kd3 Re6 42. Rg4 Bb3 43. Kd4 Rd6+ 44. Ke5 Rd5+ 45. Kf6 Kc6 46. Bb4 1/2-1/2